000 00561nam a22001817a 4500
005 20251108165913.0
008 250721s2001 xx 000 0 ara d
082 1 4 _a646.72/سحو
100 1 _aسحور، سهير
245 1 0 _aالمحافظة على الأنوثة و الجمال :
_b44 نصحية لجمال الشعر و البشرة /
264 1 _aعمان :
_bدار الاسراء،
_c2001.
300 _a95ص
650 1 7 _aمستحضرات الشعر
650 1 7 _aالجلد
650 1 7 _aالمكياج
942 _2ddc
_cBK
999 _c34383
_d34383